Statistics for Coffee Producing Countries

Click here to take the quiz!

General Stats

  • This quiz has been taken 38,587 times
    (10,267 since last reset)
  • The average score is 16 of 22

Answer Stats

Metric TonsCountry% Correct
3,920,000Brazil
98%
858,000Colombia
96%
240,000Mexico
89%
30,000Venezuela
88%
228,000Peru
88%
342,000India
86%
744,000Indonesia
83%
30,000Ecuador
80%
46,500Kenya
75%
87,000Costa Rica
74%
443,000Ethiopia
73%
225,000Guatemala
73%
366,000Honduras
72%
159,000Nicaragua
71%
1,740,000Vietnam
70%
30,000Thailand
69%
36,000El Salvador
66%
54,000Tanzania
65%
36,000Laos
57%
337,000Uganda
55%
40,500Papua New Guinea
45%
107,000Ivory Coast
30%

Score Distribution

Percentile by Number Answered

Percent of People with Each Score

Your Score History

You have not taken this quiz since the last reset